गुफा का आदमी / (Record no. 116316)

MARC details
000 -LEADER
fixed length control field 01040nam a22002777a 4500
003 - CONTROL NUMBER IDENTIFIER
control field dpl
005 - DATE AND TIME OF LATEST TRANSACTION
control field 20180702144637.0
008 - FIXED-LENGTH DATA ELEMENTS--GENERAL INFORMATION
fixed length control field 180702b xxu||||| |||| 00| 0 eng d
010 ## - LIBRARY OF CONGRESS CONTROL NUMBER
LC control number B-243255, B-180564
020 ## - INTERNATIONAL STANDARD BOOK NUMBER
Terms of availability 100.00
International Standard Book Number 812631222
035 ## - SYSTEM CONTROL NUMBER
System control number B-243255
037 ## - SOURCE OF ACQUISITION
Source of stock number/acquisition Cen Lib/Ret
040 ## - CATALOGING SOURCE
Original cataloging agency DPL
Language of cataloging HN
Transcribing agency 0
082 ## - DEWEY DECIMAL CLASSIFICATION NUMBER
Classification number
Item number संजीव
100 ## - MAIN ENTRY--PERSONAL NAME
Personal name संजीव
9 (RLIN) 6954
245 ## - TITLE STATEMENT
Title गुफा का आदमी /
Statement of responsibility, etc संजीव
246 ## - VARYING FORM OF TITLE
Title proper/short title Gufa ka aadmi
Remainder of title by Sanjeev
260 ## - PUBLICATION, DISTRIBUTION, ETC. (IMPRINT)
Place of publication, distribution, etc नई दिल्ली
Name of publisher, distributor, etc भारतीय ज्ञानपीठ
Date of publication, distribution, etc 2006
270 ## - ADDRESS
Address 18,इंडस्ट्रियल एरिया लोधी रोड
City नई दिल्ली
Postal code 110003
300 ## - PHYSICAL DESCRIPTION
Extent 120पृष्ठ.
Dimensions 20सेमी(सजिल्द)
650 ## - SUBJECT ADDED ENTRY--TOPICAL TERM
Topical term or geographic name as entry element हिंदी साहित्य
9 (RLIN) 65893
650 ## - SUBJECT ADDED ENTRY--TOPICAL TERM
Topical term or geographic name as entry element हिंदी कहानी
9 (RLIN) 65894
650 ## - SUBJECT ADDED ENTRY--TOPICAL TERM
Topical term or geographic name as entry element Hindi literature
9 (RLIN) 65895
650 ## - SUBJECT ADDED ENTRY--TOPICAL TERM
Topical term or geographic name as entry element Hindi Story
9 (RLIN) 43117
942 ## - ADDED ENTRY ELEMENTS (KOHA)
Source of classification or shelving scheme Dewey Decimal Classification
Koha item type Hindi Books
Classification part
Call number suffix संजीव
Holdings
Withdrawn status Lost status Damaged status Not for loan Home library Current library Date acquired Source of acquisition Cost, normal purchase price Total Checkouts Full call number Barcode Date last seen Copy number Cost, replacement price Price effective from Koha item type Source of classification or shelving scheme Collection code Shelving location
        Central Library Central Library 24/08/2015 Cen Lib /Ret 100.00   क संजीव B-243255 24/08/2015 1 100.00 24/08/2015 Hindi Books      
        Patel Nagar Patel Nagar 08/03/2008 BPPD/PUB 100.00   क संजीव B-243256 11/03/2020 1 100.00 11/03/2020 Hindi Books Dewey Decimal Classification Fiction Fiction
        Shahdara Branch Shahdara Branch 02/07/2018 BPPD/PUB 100.00   क संजीव B-180564 02/07/2018   100.00 02/07/2018 Hindi Books Dewey Decimal Classification Fiction  

© Delhi Public Library
Hit Counter
free hit counter